000 00582nam a2200229Ia 4500
003 OSt
005 20220924153608.0
006 a|||||r|||| 00| 0
007 ta
008 220923b |||||||| |||| 00| 0 tam d
024 _a350895
037 _cTextual
040 _aARTS
_cARTS
_btam
041 _2tam
_atam
082 _aQ22:417:g, 31P2
100 _aSarala RajaGopalan Au.
_9176719
245 0 _aIraimai thamil
260 _c2002
650 _aRELIGION
942 _hQ22:417:g, 31P2
_cTEXL
_2CC
999 _c474180
_d474180